| 000 | 01092nam a22002895a 4500 | ||
|---|---|---|---|
| 003 | OSt | ||
| 005 | 20170424111823.0 | ||
| 008 | 160922s2016 ua frb 000 0 ara d | ||
| 015 | _a2014 / 23199 | ||
| 020 | _a9789777670043 | ||
| 040 |
_aEG-ScBUE _bara _cEG-ScBUE _dEG-ScBUE |
||
| 082 | 0 | 4 |
_a366.1 _bأ م ي _222 |
| 100 | 1 | _aأمير، بهاء. | |
| 245 | 1 | 2 |
_aاليهود والماسون في الثورات والدساتير واليهود والماسون في ثورات العرب / _cبهاء الأمير. |
| 250 | _aط. 1. | ||
| 260 |
_aالقاهرة : _bمكتبة مدبولي، _c2016. |
||
| 300 |
_a496 ص. ؛ _c24 سم. |
||
| 500 | _aيشتمل على ملحق. | ||
| 504 | _aيشتمل على إرجاعات ببليوجرافية. | ||
| 541 | _aإهداء من أ. محمد فريد خميس. | ||
| 650 | 7 |
_aاليهود _xتاريخ. _2BUEsh _914891 |
|
| 650 | 7 |
_aالماسونية _xتاريخ. _2BUEsh |
|
| 650 | 7 |
_aالثورات _zالبلاد العربية. _2BUEsh |
|
| 651 | _2BUEsh | ||
| 653 |
_bGGEN _bBUSBOL _cFebruary2017 _cApril2017 |
||
| 942 | _2ddc | ||
| 999 |
_c24065 _d24037 |
||